Catálogo
Digital

Catálogo
Digital

Aproximaciones al origen del derecho ambiental el derecho genético , la biotecnología los transgénicos y su relación con los derechos humanos (Record no. 14107)

MARC details
000 -CABECERA
campo de control de longitud fija 01733nam a2200301 4500
003 - IDENTIFICADOR DEL NÚMERO DE CONTROL
campo de control EC-UNACH
005 - FECHA Y HORA DE LA ÚLTIMA TRANSACCIÓN
campo de control 20251028140820.0
006 - CÓDIGOS DE INFORMACIÓN DE LONGITUD FIJA--CARACTERÍSTICAS DEL MATERIAL ADICIONAL
campo de control de longitud fija s||||gr|||| 00| 00
008 - DATOS DE LONGITUD FIJA--INFORMACIÓN GENERAL
campo de control de longitud fija 150116t9999 mx r gr 000 0 spa d
020 ## - NÚMERO INTERNACIONAL ESTÁNDAR DEL LIBRO
Número Internacional Estándar del Libro 9978-45-345-8
040 ## - FUENTE DE LA CATALOGACIÓN
Centro catalogador/agencia de origen EC-UNACH
Centro/agencia transcriptor EC-UNACH
041 ## - CÓDIGO DE LENGUA
Código de lengua del texto/banda sonora o título independiente spa
082 04 - NÚMERO DE LA CLASIFICACIÓN DECIMAL DEWEY
Número de edición 23
Número de clasificación 348.02
Número de documento/Ítem L017909
110 ## - ENTRADA PRINCIPAL--NOMBRE DE ENTIDAD CORPORATIVA
Nombre de entidad corporativa o nombre de jurisdicción como elemento de entrada Milenium Publicidad
245 ## - MENCIÓN DE TÍTULO
Título Aproximaciones al origen del derecho ambiental el derecho genético , la biotecnología los transgénicos y su relación con los derechos humanos
250 ## - MENCIÓN DE EDICIÓN
Mención de edición Primera edición
264 ## - Producción, publicación, distribución, fabricación y copyright
Lugar de producción, publicación, distribución, fabricación Ecuador
Nombre del de productor, editor, distribuidor, fabricante Milenium Publicidad
Fecha de de producción, publicación, distribución, fabricación o copyright 2006
300 ## - DESCRIPCIÓN FÍSICA
Extensión 358
505 ## - NOTA DE CONTENIDO CON FORMATO
Nota de contenido con formato - Capitulo 1- Origen histórico del medio ambiente , el derecho ambiental y los derechos humanos - -Capitulo 2- Antecedentes históricos del medio ambiente en la colonia, hasta nuestro días - - Capitulo 3- Principios jurídicos en algunas legislaciones sobre el medio ambiente y el derecho ambiental y su relación con los derechos humanos - - Capitulo 4- La biotecnología , los alimentos transgénicos , el derecho genético y su relación con el derecho ambiental y los derechos humanos - -Capitulo 5- Origen de los recursos naturales , la ley de gestión ambiental ley orgánica del régimen municipal y la doctrina del medio ambiente en Ecuador - - Capítulo 6- De los recursos de protección al medio ambiente y de las acciones judiciales por daños ambientales
650 ## - PUNTO DE ACCESO ADICIONAL DE MATERIA--TÉRMINO DE MATERIA
9 (RLIN) Conceptos de medio ambiente
650 ## - PUNTO DE ACCESO ADICIONAL DE MATERIA--TÉRMINO DE MATERIA
Término de materia o nombre geográfico como elemento inicial Principios de medio ambiente
650 ## - PUNTO DE ACCESO ADICIONAL DE MATERIA--TÉRMINO DE MATERIA
Término de materia o nombre geográfico como elemento inicial Origen de los recursos naturales
700 ## - PUNTO DE ACCESO ADICIONAL--NOMBRE DE PERSONA
Nombre de persona Dr Enrique Mármol Palacios Msc.
942 ## - ELEMENTOS DE PUNTO DE ACCESO ADICIONAL (KOHA)
Fuente del sistema de clasificación o colocación Clasificación Decimal Dewey
Tipo de ítem Koha Libros
999 ## - NÚMEROS DE CONTROL DE SISTEMA (KOHA)
Koha biblionumber 14107
Holdings
Estado de pérdida Fuente del sistema de clasificación o colocación Estado dañado No para préstamo Localización permanente Ubicación/localización actual Ubicación en estantería Fecha de adquisición Fuente de adquisición Número de inventario Total de préstamos Signatura topográfica completa Código de barras Fecha visto por última vez Precio válido a partir de Tipo de ítem Koha Centro de costos
  Clasificación Decimal Dewey     Biblioteca Campus Norte Biblioteca Campus Norte Facultad de Ingeniería - Generalidades 28/10/2025 Transitoria segunda Resolución N°0311-CU-UNACH-SE-ORD-16-09-24 39932774   348.02 MAR L017909 L017909 28/10/2025 28/10/2025 Libros  

Powered by Koha